000 01248cab a2200325 4500
001 ABS51166
008 090401t1994 xxu||||| |||| 00| 0 eng d
035 _a(Sirsi) u13513
041 _aeng
245 _aUnited Bank of Kuwait v Prudential Property Services Ltd
260 _c1994
350 _a0
490 _aEstates Gazette
_v(1994) 30 EG 103-110(8)
520 _aQBD 10 December 1993. The lender, who would not have made the loan if the valuation had not been negligent, was awarded damages of the difference between the loan and the sum recovered by the sale of the property. The valuer had been in breach of contract by providing a negligent valuation, in which the gross rather than the net internal area had been used.
650 _aBANQUE BRUXELLES LAMBERT V EAGLE STAR INSURANCE CO LTD
650 _aCOMPARABLES
650 _aDAMAGES
650 _aLENDERS
650 _aLOSSES
650 _aMeasurement
_96256
650 _aNEGLIGENCE
650 _aNET INTERNAL AREA
650 _aNON-TRANSACTION BASIS
650 _aOVERVALUATION
650 _aValuation
_96273
690 _aMANAGEMENT-BUSINESS MANAGEMENT-PROFESSIONAL PRACTICE
690 _aRATING AND VALUATION-CASE LAW
942 _n0
948 _c04/03/1997
999 _c8706
_d8706